[Event "HUN-chT2 Toth 1718"]
[Site "Hungary"]
[Date "2018.01.28"]
[Round "7.5"]
[White "Tapodi, Norman Lajos"]
[Black "Linczer, Janos"]
[Result "1-0"]
[WhiteElo "1869"]
[BlackElo "2088"]
[PlyCount "91"]
[EventDate "2017.09.24"]
[EventType "team-tourn"]
[EventRounds "11"]
[EventCountry "HUN"]
[SourceTitle "EXT 2021"]
[Source "ChessBase"]
[SourceDate "2020.10.23"]
[SourceVersion "1"]
[SourceVersionDate "2020.10.23"]
[SourceQuality "1"]
[WhiteTeam "Szeged Meritum"]
[BlackTeam "Szeged Maroczy II"]
[WhiteTeamCountry "HUN"]
[BlackTeamCountry "HUN"]

1. d4 d5 2. c4 Nf6 3. Nc3 e6 4. Nf3 Be7 5. Bg5 0-0 6. e3 b6 7. cxd5 exd5 8. Bd3 Be6 9. Rc1 Nbd7 10. 0-0 c5 11. b3 Nh5 12. Bxe7 Qxe7 13. e4 Nf4 14. exd5 Nxd5 15. Re1 Nxc3 16. Rxc3 Qf6 17. Be4 Rad8 18. Rd3 cxd4 19. Rxd4 Nc5 20. Bb1 g6 21. h3 Bc8 22. Ne5 Bb7 23. b4 Ne6 24. Rd7 Qg5 25. g3 Rxd7 26. Qxd7 Bc8 27. Qc6 Nf4 28. h4 Nh3+ 29. Kf1 Qd2 30. Qf3 Qxb4 31. a3 Qb2 32. g4 Nxf2 33. Qxf2 Qxa3 34. Be4 f5 35. Bd5+ Kg7 36. g5 Qc3 37. Kg1 Rd8 38. Bf3 Rd4 39. Nc6 Rd2 40. Qg3 Qc5+ 41. Kh1 Rd6 42. Qg2 Be6 43. Qb2+ Kg8 44. Ne7+ Kf8 45. Qf6+ Ke8 46. Nd5 1-0

[Event "HUN-chT2 Maroczy 1718"]
[Site "Hungary"]
[Date "2017.12.03"]
[Round "3.12"]
[White "Fekete, Agnes"]
[Black "Linczer, Janos"]
[Result "0-1"]
[WhiteElo "1862"]
[BlackElo "2067"]
[PlyCount "64"]
[EventDate "2017.10.29"]
[EventType "team-tourn"]
[EventRounds "9"]
[EventCountry "HUN"]
[SourceTitle "EXT 2021"]
[Source "ChessBase"]
[SourceDate "2020.10.23"]
[SourceVersion "1"]
[SourceVersionDate "2020.10.23"]
[SourceQuality "1"]
[WhiteTeam "Kisujszallas"]
[BlackTeam "Szeged Maroczy"]
[WhiteTeamCountry "HUN"]
[BlackTeamCountry "HUN"]

1. d4 d5 2. Nf3 Nf6 3. Bg5 e6 4. e3 Be7 5. Bd3 Nbd7 6. 0-0 0-0 7. Nbd2 c5 8. c3 c4 9. Bc2 b5 10. Qe2 Bb7 11. Ne5 Ne4 12. Bxe7 Qxe7 13. Nxd7 Qxd7 14. Nxe4 dxe4 15. a4 a6 16. axb5 axb5 17. b3 Bd5 18. b4 Ra7 19. Rxa7 Qxa7 20. f4 f5 21. h3 Qa3 22. Qe1 Ra8 23. Kh1 Qb2 24. Bd1 Ra2 25. Qg3 Qxc3 26. Qg5 Qxb4 27. Bh5 Qf8 28. g4 b4 29. gxf5 exf5 30. Rg1 Ra7 31. Qh6 g6 32. Qg5 Rg7 0-1

[Event "HUN-chT2 Toth 1617"]
[Site "Hungary"]
[Date "2016.11.27"]
[Round "5.1"]
[White "Egyed, Gabor"]
[Black "Linczer, Janos"]
[Result "1-0"]
[WhiteElo "2105"]
[BlackElo "2112"]
[PlyCount "75"]
[EventDate "2016.09.25"]
[EventType "team-tourn"]
[EventRounds "11"]
[EventCountry "HUN"]
[SourceTitle "EXT 2021"]
[Source "ChessBase"]
[SourceDate "2020.10.23"]
[SourceVersion "1"]
[SourceVersionDate "2020.10.23"]
[SourceQuality "1"]
[WhiteTeam "Karcag"]
[BlackTeam "Szeged Maroczy II"]
[WhiteTeamCountry "HUN"]
[BlackTeamCountry "HUN"]

1. e4 e5 2. Bc4 Nf6 3. d3 Be7 4. Nc3 0-0 5. f4 d6 6. Nf3 Nc6 7. 0-0 Be6 8. Bb5 exf4 9. Bxf4 Bg4 10. h3 Bh5 11. g4 Nxg4 12. hxg4 Bxg4 13. Bxc6 bxc6 14. Qd2 f6 15. Nh2 Be6 16. Rae1 g5 17. Bg3 Qe8 18. d4 Qg6 19. d5 Bh3 20. Rf5 c5 21. Qd3 Rf7 22. Bxd6 Bxd6 23. Qxh3 h5 24. Nf1 Rb8 25. b3 Rh7 26. Ne3 Be5 27. Ne2 Bd6 28. Nc4 Be7 29. Qg3 Rc8 30. Nf4 Qg7 31. Ne6 Qg6 32. Kh1 h4 33. Qh3 g4 34. Rg1 g3 35. Kg2 a6 36. Rgf1 Bd6 37. Nxd6 cxd6 38. R1f4 1-0

[Event "HUN-chT2 Toth 1617"]
[Site "Hungary"]
[Date "2016.11.13"]
[Round "4.1"]
[White "Linczer, Janos"]
[Black "Emodi, Gyula"]
[Result "0-1"]
[WhiteElo "2112"]
[BlackElo "2218"]
[PlyCount "80"]
[EventDate "2016.09.25"]
[EventType "team-tourn"]
[EventRounds "11"]
[EventCountry "HUN"]
[SourceTitle "EXT 2021"]
[Source "ChessBase"]
[SourceDate "2020.10.23"]
[SourceVersion "1"]
[SourceVersionDate "2020.10.23"]
[SourceQuality "1"]
[WhiteTeam "Szeged Maroczy II"]
[BlackTeam "Gyula"]
[WhiteTeamCountry "HUN"]
[BlackTeamCountry "HUN"]

1. e4 b6 2. d4 Bb7 3. Nc3 e6 4. Bd3 d6 5. Nge2 Nd7 6. 0-0 a6 7. a4 c5 8. d5 e5 9. f4 exf4 10. Bxf4 Ne5 11. Ng3 g6 12. Qd2 Bg7 13. Rae1 h5 14. h3 Nh6 15. Bg5 f6 16. Bf4 Nhf7 17. b4 Bc8 18. bxc5 bxc5 19. Rb1 h4 20. Nh1 g5 21. Be3 g4 22. Nf2 g3 23. Nfd1 0-0 24. Bf4 Ng6 25. Ne3 Qa5 26. Nc4 Qd8 27. Nb6 Ra7 28. Nxc8 Qxc8 29. Ne2 c4 30. Be3 Rc7 31. Nd4 cxd3 32. cxd3 Nfe5 33. Ne6 Rc2 34. Qd1 Re8 35. Qh5 Rxe6 36. dxe6 Qxe6 37. Rb8+ Nf8 38. Qxh4 Nxd3 39. Bh6 Qe5 40. Be3 Re2 0-1

[Event "HUN-chT2 Toth 1314"]
[Site "Hungary"]
[Date "2014.03.02"]
[Round "8.1"]
[White "Linczer, Janos"]
[Black "Elter, Janos"]
[Result "0-1"]
[WhiteElo "2123"]
[BlackElo "2216"]
[PlyCount "58"]
[EventDate "2013.09.08"]
[EventType "team-tourn"]
[EventRounds "11"]
[EventCountry "HUN"]
[SourceTitle "EXT 2016"]
[Source "ChessBase"]
[SourceDate "2015.10.08"]
[SourceVersion "1"]
[SourceVersionDate "2015.10.08"]
[SourceQuality "1"]
[WhiteTeam "Szeged Maroczy II"]
[BlackTeam "Abony"]
[WhiteTeamCountry "HUN"]
[BlackTeamCountry "HUN"]

1. e4 d6 2. d4 Nf6 3. Nc3 c6 4. Bd3 e5 5. Nge2 h6 6. 0-0 Be7 7. h3 0-0 8. Kh1 Nh7 9. f4 Nd7 10. f5 Bg5 11. Rf3 Bxc1 12. Qxc1 exd4 13. Nxd4 Qg5 14. Qe1 Ne5 15. Rg3 Qe7 16. Qe3 Kh8 17. Nf3 b5 18. Rd1 Bb7 19. Ne2 a6 20. Nf4 Nf6 21. b3 c5 22. Nh4 c4 23. bxc4 bxc4 24. Bxc4 Nxc4 25. Nfg6+ fxg6 26. Nxg6+ Kh7 27. Qc3 Nxe4 28. Nxe7 Nxc3 29. Rxc3 Rf7 0-1

[Event "HUN-chT2 Maroczy 1314"]
[Site "Hungary"]
[Date "2013.11.03"]
[Round "4"]
[White "Marjanovic, Annamaria"]
[Black "Linczer, Janos"]
[Result "1-0"]
[WhiteElo "2027"]
[BlackElo "2123"]
[PlyCount "95"]
[EventDate "2013.09.08"]
[EventType "team-tourn"]
[EventRounds "11"]
[EventCountry "HUN"]
[SourceTitle "EXT 2016"]
[Source "ChessBase"]
[SourceDate "2015.10.08"]
[SourceVersion "1"]
[SourceVersionDate "2015.10.08"]
[SourceQuality "1"]
[WhiteTeam "Budapest Kobanya"]
[BlackTeam "Szeged Maroczy"]
[WhiteTeamCountry "HUN"]
[BlackTeamCountry "HUN"]

1. e4 e5 2. Nf3 Nc6 3. Bb5 a6 4. Ba4 Nf6 5. 0-0 Be7 6. Re1 b5 7. Bb3 0-0 8. a4 Bb7 9. d3 d6 10. Nbd2 Na5 11. Ba2 c5 12. Nf1 Re8 13. Ne3 h6 14. Nf5 Bf8 15. Bd2 Nc6 16. c3 Qc7 17. N3h4 Kh7 18. Qb3 c4 19. Qd1 g6 20. Ne3 cxd3 21. Qf3 Bg7 22. Ng4 Qe7 23. g3 Nd8 24. Nxf6+ Bxf6 25. Ng2 Ne6 26. b4 Ng5 27. Bxg5 hxg5 28. Ne3 Rac8 29. Bd5 Kg7 30. axb5 Rxc3 31. Bxb7 d2 32. Reb1 Rc1+ 33. Rxc1 dxc1Q+ 34. Rxc1 Qxb7 35. bxa6 Qxa6 36. Nd5 Bd8 37. Qc3 Qe2 38. Re1 Qh5 39. f3 Qh3 40. b5 Rh8 41. Re2 Qd7 42. Rb2 Qb7 43. b6 Bf6 44. Qc7 Rb8 45. Qxd6 Bd8 46. Qxe5+ f6 47. Qd6 Rc8 48. Ra2 1-0

[Event "HUN-chT2 Maroczy 1213"]
[Site "Hungary"]
[Date "2013.03.03"]
[Round "8"]
[White "Linczer, Janos"]
[Black "Egyed, Zsolt"]
[Result "1-0"]
[WhiteElo "2151"]
[BlackElo "2128"]
[PlyCount "113"]
[EventDate "2012.09.16"]
[EventType "team-tourn"]
[EventRounds "11"]
[EventCountry "HUN"]
[SourceTitle "EXT 2014"]
[Source "ChessBase"]
[SourceDate "2013.11.20"]
[SourceVersion "1"]
[SourceVersionDate "2013.11.20"]
[SourceQuality "1"]
[WhiteTeam "Maroczy"]
[BlackTeam "Karcag"]
[WhiteTeamCountry "HUN"]
[BlackTeamCountry "HUN"]

1. e4 c5 2. Nf3 b6 3. c4 Nc6 4. d4 cxd4 5. Nxd4 Bb7 6. Nc3 e6 7. Be2 Nf6 8. Ndb5 Qb8 9. Bg5 a6 10. Nd4 Nxe4 11. Nxe4 Qe5 12. Be3 Qxe4 13. Bf3 Qe5 14. 0-0 Bc5 15. Nc2 Bxe3 16. Nxe3 Qc7 17. Qd2 Rd8 18. Rad1 d6 19. Rfe1 0-0 20. Be4 f5 21. Bb1 Ne5 22. b3 Rf6 23. f4 Ng6 24. Qf2 Rdf8 25. Rd2 Ne7 26. Red1 Nc8 27. b4 Rg6 28. h3 Rff6 29. Kh2 Rf8 30. g3 Rgf6 31. Qe2 Qe7 32. Re1 R6f7 33. Nd1 Re8 34. Ne3 Qf6 35. Nxf5 Qc3 36. Nxd6 Rd7 37. c5 Nxd6 38. Rxd6 Rxd6 39. cxd6 Bd5 40. Rd1 Qc6 41. Qc2 Qxc2+ 42. Bxc2 Bxa2 43. d7 Rd8 44. Rd6 h6 45. Bg6 Kf8 46. Be8 Ke7 47. Rxb6 Bc4 48. Kg2 Bb5 49. Kf3 Bxd7 50. Bxd7 Rxd7 51. Rxa6 Rb7 52. Ra4 Kd6 53. Ke4 Rb5 54. Kd4 g5 55. Kc4 Rb6 56. b5 e5 57. Ra6 1-0

[Event "HUN-chT2 Maroczy 1213"]
[Site "Hungary"]
[Date "2012.09.16"]
[Round "1"]
[White "Linczer, Janos"]
[Black "Csorsz, Ferenc"]
[Result "1/2-1/2"]
[WhiteElo "2151"]
[BlackElo "2022"]
[PlyCount "83"]
[EventDate "2012.09.16"]
[EventType "team-tourn"]
[EventRounds "11"]
[EventCountry "HUN"]
[SourceTitle "EXT 2014"]
[Source "ChessBase"]
[SourceDate "2013.11.20"]
[SourceVersion "1"]
[SourceVersionDate "2013.11.20"]
[SourceQuality "1"]
[WhiteTeam "Maroczy"]
[BlackTeam "Kisvarda"]
[WhiteTeamCountry "HUN"]
[BlackTeamCountry "HUN"]

1. e4 c5 2. Nf3 Nc6 3. d4 cxd4 4. Nxd4 Nf6 5. Nc3 e6 6. Be2 Bb4 7. Nxc6 Bxc3+ 8. bxc3 bxc6 9. Qd3 Qa5 10. 0-0 d5 11. e5 Ne4 12. c4 Ba6 13. Qa3 Qxa3 14. Bxa3 Nd2 15. Rfd1 Nxc4 16. Bxc4 Bxc4 17. Rdb1 Ba6 18. Bd6 f6 19. f4 Kf7 20. Kf2 c5 21. Ke3 Rac8 22. Rb2 Kg6 23. Rab1 d4+ 24. Kd2 Kf5 25. g4+ Ke4 26. Rb3 Rhd8 27. Ra3 Bc4 28. Rxa7 Kxf4 29. Rf7 Ke4 30. a4 Kd5 31. Bc7 Rf8 32. Rxg7 fxe5 33. Rxh7 Rf2+ 34. Kc1 Ra8 35. a5 Ra7 36. Rb6 Rf8 37. g5 Ke4 38. g6 Rf1+ 39. Kd2 Rf2+ 40. Ke1 Rf1+ 41. Kd2 Rf2+ 42. Ke1 1/2-1/2

[Event "HUN-chT2 Maroczy 1112"]
[Site "Hungary"]
[Date "2012.03.25"]
[Round "8"]
[White "Linczer, Janos"]
[Black "Adam, Zoltan"]
[Result "1-0"]
[WhiteElo "2178"]
[BlackElo "1963"]
[PlyCount "73"]
[EventDate "2011.09.25"]
[EventType "team-tourn"]
[EventRounds "11"]
[EventCountry "HUN"]
[SourceTitle "EXT 2013"]
[Source "ChessBase"]
[SourceDate "2012.11.22"]
[SourceVersion "1"]
[SourceVersionDate "2012.11.22"]
[SourceQuality "1"]
[WhiteTeam "Maroczy"]
[BlackTeam "Miskolc EMSE"]
[WhiteTeamCountry "HUN"]
[BlackTeamCountry "HUN"]

1. e4 d6 2. d4 Nf6 3. Nc3 e5 4. dxe5 dxe5 5. Qxd8+ Kxd8 6. Bg5 Be6 7. 0-0-0+ Nbd7 8. Nf3 Kc8 9. h3 c6 10. a3 a5 11. Nd2 b5 12. Be2 b4 13. axb4 axb4 14. Ncb1 Bc5 15. Rhf1 Ra1 16. Bd3 Kb7 17. Bc4 Bxc4 18. Nxc4 Bd4 19. f3 Nb6 20. Nxb6 Kxb6 21. Bd2 Bc5 22. Rfe1 Rha8 23. c3 b3 24. Be3 R8a7 25. Rd3 Bxe3+ 26. Rexe3 Nd7 27. c4 Nc5 28. Rd8 R1a4 29. Rc3 Rb4 30. Na3 Na4 31. Rcd3 Kc5 32. Rd1 Nb6 33. R1d3 Nxc4 34. Rc3 Rxa3 35. bxa3 b2+ 36. Kb1 Kb5 37. axb4 1-0

[Event "HUN-chT2 Maroczy 1011"]
[Site "Hungary"]
[Date "2011.04.10"]
[Round "8"]
[White "Banki H, Istvan"]
[Black "Linczer, Janos"]
[Result "1-0"]
[WhiteElo "2228"]
[BlackElo "2205"]
[PlyCount "97"]
[EventDate "2010.09.12"]
[EventType "team-tourn"]
[EventRounds "11"]
[EventCountry "HUN"]
[SourceTitle "EXT 2012"]
[Source "ChessBase"]
[SourceDate "2011.11.24"]
[SourceVersion "1"]
[SourceVersionDate "2011.11.24"]
[SourceQuality "1"]
[WhiteTeam "Oroshaza"]
[BlackTeam "Maroczy"]
[WhiteTeamCountry "HUN"]
[BlackTeamCountry "HUN"]

1. e4 e5 2. Nf3 Nc6 3. Bc4 Be7 4. d4 d6 5. dxe5 dxe5 6. Qxd8+ Bxd8 7. Ng5 Nh6 8. 0-0 Nd4 9. Na3 0-0 10. c3 Nc6 11. h3 Na5 12. Bd3 f6 13. Nf3 Nf7 14. Nc4 Nxc4 15. Bxc4 Kh8 16. b3 Nd6 17. Ba3 Be7 18. Nd2 Re8 19. Rad1 Nxc4 20. Nxc4 Be6 21. Bxe7 Rxe7 22. Ne3 a5 23. Rd2 Kg8 24. Rfd1 Kf8 25. f3 Ke8 26. Kf2 Rd7 27. Rxd7 Bxd7 28. h4 Be6 29. Nd5 Rc8 30. Rd2 c6 31. Nb6 Rd8 32. Rc2 Rd1 33. c4 Kd8 34. c5 Kc7 35. Kg3 Rd4 36. Kf2 g6 37. Ke2 h5 38. Rd2 Rxd2+ 39. Kxd2 Kb8 40. Kc3 Ka7 41. Nc4 Bxc4 42. Kxc4 Ka6 43. g4 Ka7 44. b4 a4 45. b5 cxb5+ 46. Kxb5 a3 47. Ka5 Kb8 48. gxh5 gxh5 49. Kb4 1-0

[Event "HUN-chT2 Maroczy 1011"]
[Site "Hungary"]
[Date "2010.10.10"]
[Round "3"]
[White "Hibjan, Tamas"]
[Black "Linczer, Janos"]
[Result "1/2-1/2"]
[WhiteElo "2118"]
[BlackElo "2205"]
[PlyCount "76"]
[EventDate "2010.09.12"]
[EventType "team-tourn"]
[EventRounds "11"]
[EventCountry "HUN"]
[SourceTitle "EXT 2012"]
[Source "ChessBase"]
[SourceDate "2011.11.24"]
[SourceVersion "1"]
[SourceVersionDate "2011.11.24"]
[SourceQuality "1"]
[WhiteTeam "Nyiregyhaza"]
[BlackTeam "Maroczy"]
[WhiteTeamCountry "HUN"]
[BlackTeamCountry "HUN"]

1. e4 e5 2. Nf3 Nc6 3. Bb5 a6 4. Ba4 Nf6 5. 0-0 Be7 6. Re1 b5 7. Bb3 0-0 8. h3 d6 9. c3 Na5 10. Bc2 c5 11. d4 Qc7 12. Nbd2 cxd4 13. cxd4 Bd7 14. Nf1 Rac8 15. Re2 Rfe8 16. Ng3 g6 17. Bg5 Kg7 18. Rc1 Rcd8 19. Bb1 Qb8 20. b3 Nb7 21. Rd2 Be6 22. Qc2 Rc8 23. Qb2 Rxc1+ 24. Qxc1 Ng8 25. Bxe7 Nxe7 26. Nf1 f6 27. Ne3 Rc8 28. Rc2 Rxc2 29. Qxc2 Qc8 30. Qxc8 Bxc8 31. Kf1 Kf7 32. Ke2 Ke6 33. a3 Kf7 34. b4 Nc6 35. Ba2+ Kf8 36. Kd3 Bd7 37. Kc3 h6 38. Bb3 Ne7 1/2-1/2

[Event "HUN-chT2 Maroczy 0910"]
[Site "Hungary"]
[Date "2010.02.14"]
[Round "6"]
[White "Linczer, Janos"]
[Black "Doros, Radu Marian"]
[Result "0-1"]
[WhiteElo "2244"]
[BlackElo "2238"]
[PlyCount "84"]
[EventDate "2009.11.08"]
[EventType "team-tourn"]
[EventRounds "11"]
[EventCountry "HUN"]
[SourceTitle "EXT 2011"]
[Source "ChessBase"]
[SourceDate "2010.11.26"]
[SourceVersion "1"]
[SourceVersionDate "2010.11.26"]
[SourceQuality "1"]
[WhiteTeam "Maroczy"]
[BlackTeam "Nyiregyhaza"]
[WhiteTeamCountry "HUN"]
[BlackTeamCountry "HUN"]

1. e4 c5 2. Nf3 e6 3. d4 cxd4 4. Nxd4 Nf6 5. Nc3 d6 6. Be2 Be7 7. 0-0 0-0 8. Be3 a6 9. a4 Qc7 10. f4 b6 11. Bf3 Bb7 12. Qe1 Nbd7 13. Nb3 Nc5 14. Nxc5 bxc5 15. Rd1 Nd7 16. e5 Bxf3 17. exd6 Bxd6 18. Rxf3 Nf6 19. Qh4 Rab8 20. Rh3 Rb4 21. Rf1 h6 22. Bc1 e5 23. Qf2 exf4 24. Rf3 Rfb8 25. Qe2 Ra8 26. Qd3 Rd4 27. Qe2 Nh7 28. Rd3 Nf6 29. Qf3 Rd8 30. Ne2 Rxd3 31. Qxd3 f3 32. Qxf3 Bxh2+ 33. Kh1 Be5 34. Nf4 Rd4 35. Be3 Rxa4 36. b3 Re4 37. g3 Bd4 38. Nd5 Nxd5 39. Qxe4 Nxe3 40. Qe8+ Kh7 41. Rxf7 Qxg3 42. Qe4+ Qg6 0-1

[Event "HUN-chT2 Maroczy 0809"]
[Site "Hungary"]
[Date "2009.02.08"]
[Round "7"]
[White "Linczer, Janos"]
[Black "Bunda, Viktor"]
[Result "1/2-1/2"]
[WhiteElo "2233"]
[BlackElo "2267"]
[PlyCount "55"]
[EventDate "2008.10.26"]
[EventType "team-tourn"]
[EventRounds "11"]
[EventCountry "HUN"]
[SourceTitle "EXT 2010"]
[Source "ChessBase"]
[SourceDate "2010.11.25"]
[SourceVersion "1"]
[SourceVersionDate "2010.11.25"]
[SourceQuality "1"]
[WhiteTeam "Maroczy"]
[BlackTeam "Munkacs"]
[WhiteTeamCountry "HUN"]
[BlackTeamCountry "HUN"]

1. e4 c5 2. Nf3 g6 3. d4 cxd4 4. Nxd4 Nc6 5. c4 Nf6 6. Nc3 d6 7. Be2 Nxd4 8. Qxd4 Bg7 9. 0-0 0-0 10. Qd3 Be6 11. Be3 Qa5 12. Bd4 Rfc8 13. b3 Nd7 14. Bxg7 Kxg7 15. Nd5 Qd8 16. Qd4+ Kg8 17. f4 Bxd5 18. exd5 Qb6 19. Rad1 Qxd4+ 20. Rxd4 a5 21. a4 Nc5 22. Rb1 Ra6 23. Bd1 Rb6 24. Bc2 e5 25. dxe6 Nxe6 26. Re4 Nc5 27. Rd4 Ne6 28. Re4 1/2-1/2